| 000 | 00676nam a2200253Ia 4500 | ||
|---|---|---|---|
| 001 | Z_3896 | ||
| 003 | CHAP | ||
| 008 | 220113s1988 xx 000 0 und d | ||
| 010 | _a166957 | ||
| 040 | _cCHAP | ||
| 082 | _a581.1 R6 | ||
| 100 |
_aRojas Garcidueñas, Manuel _999305 |
||
| 245 |
_aFisiología vegetal aplicada / _cpor Manuel Rojas Garcidueñas y Magdalena Rovalo Merino |
||
| 260 |
_aMéxico, D.F. : _bMcGraw-Hill, _c1988 |
||
| 300 |
_a302 p. : _bilus. ; gráfs. |
||
| 503 | _aC/E | ||
| 650 |
_aFisiología vegetal I. Rovalo Merino, Magdalena _9138056 |
||
| 901 | _a581.1 R6 | ||
| 902 | _aM | ||
| 910 | _a1988 | ||
| 942 | _c1 | ||
| 942 | _cc1 | ||
| 999 |
_c166957 _d166957 |
||